| 000 | 00521nam a2200193 a 4500 | ||
|---|---|---|---|
| 001 | 2721 | ||
| 003 | CDMR | ||
| 005 | 20151019135402.0 | ||
| 008 | 130130s1993||||||||||||||||||||||||||||d | ||
| 020 | _a8433535293 | ||
| 040 |
_aCDMR _bcat _cCDMR |
||
| 100 | 1 |
_aMendieta, Salvador _92044 |
|
| 245 | 1 | 0 |
_aManual de estilo de TVE _cSalvador Mendieta |
| 260 |
_aBarcelona _c1993 _bLabor |
||
| 300 |
_a191 p ; _c19 cm |
||
| 490 | 0 |
_aColección Labor _v29 |
|
| 610 | 2 |
_92814 _aTelevisión Española _vManuals d'estil |
|
| 942 |
_cMON _2udc |
||
| 999 |
_c2721 _d2721 |
||